000 00464nmm a2200157Ia 4500
008 251105s9999||||xx |||||||||||||||||und||
020 _a9781558850521
041 _aeng
100 _aBeltrán Hernández, Irene
245 0 _aHeartbeat Drumbeat
264 _a[Washington, Estados Unidos] :
_bArte Público Press,
_c2017
300 _a134 páginas
650 _aLatin American narrative
856 _uhttps://public.digitaliapublishing.com/a/46196
942 _cCF
999 _c74618
_d74618